| 000 | 00480nam a2200169 a 4500 | ||
|---|---|---|---|
| 005 | 20140412111302.0 | ||
| 008 | 001120s19uu xx 00 eng d | ||
| 020 | _a0-85097-917-X | ||
| 050 |
_aTR(PS E _bDa12 1991 |
||
| 100 | _aCorbett, Pie | ||
| 245 |
_aDad's day / _cStory by Pie Corbet; illustrated by Diann Timms. |
||
| 300 | _a32 p. ; col. ; ill. | ||
| 440 | _aEarly Learning With LETTS | ||
| 500 | _aFor 3-5 years old | ||
| 650 | _aDaddy's -- stories | ||
| 999 |
_c103481 _d103481 |
||